| 000 | 00494nam a22001937a 4500 | ||
|---|---|---|---|
| 003 | OSt | ||
| 005 | 20160713144021.0 | ||
| 008 | 121120t xxu||||| |||| 00| 0 eng d | ||
| 020 | _a0733612164 | ||
| 050 |
_aPZ 7 _b.L324 2000 |
||
| 082 |
_aKF _bL32w 2000 |
||
| 100 |
_aLarkin, John _96136 |
||
| 245 |
_aWestern wildcats suck! / _cJohn Larkin. |
||
| 260 |
_aSydney : _bHodder Headline Australia, _cc2000. |
||
| 300 |
_a137 p. : _c20 cm. |
||
| 562 | _e1 | ||
| 942 |
_2lcc _cBK |
||
| 999 |
_c8162 _d8162 |
||